Những vấn đề hóa sinh dinh dưỡng động vật Tập 1 Những vấn đề hóa sinh dinh dưỡng đông vật

Đã lưu trong:
Sonraí Bibleagrafaíochta
Údair Eile: Phí Văn Ba (Dịch), Lê Doãn Diên (Dịch)
Formáid: Leabhar
Teanga:Vietnamese
Foilsithe: H. Khoa học và kỹ thuật 1975
Ábhair:
Clibeanna: Cuir Clib Leis
Gan Chlibeanna, Bí ar an gcéad duine leis an taifead seo a chlibeáil!
Thư viện lưu trữ: Mạng thư viện Đại học Đà Nẵng
LEADER 01326nam a2200349 4500
001 000009215
003 5410
005 20111025111020.0
008 111025s1975 viesd
041 0 |a vie 
082 |a 572  |b Vân 
245 1 0 |a Những vấn đề hóa sinh dinh dưỡng động vật  |c Phí Văn Ba, Lê Doãn Diên, Nguyễn Lân Dũng.....  |n Tập 1  |p Những vấn đề hóa sinh dinh dưỡng đông vật 
260 |a H.  |b Khoa học và kỹ thuật  |c 1975 
300 |a 261tr.  |c 27 cm 
653 |a Những vấn đề hóa sinh 
653 |a Đông vật 
653 |a Hóa sinh 
653 |a Dinh dưỡng 
700 |a Phí Văn Ba  |e Dịch 
700 |a Lê Doãn Diên  |e Dịch 
773 |d Khoa học và kỹ thuật  |d H.  |d 1975  |t Những vấn đề hóa sinh dinh dưỡng động vật  |w 5406 
910 |a Đỗ Phú Quý  |d 25/10/2011 
OWN |a LSP 
AVA |a UDN50  |b LSP  |d 572 Vân  |e available  |t Error 5001 Not defined in file expand_doc_bib_avail.  |f 2  |g 1  |h N  |i 0  |k 1 
999 |a From the UDN01 
AVA |a UDN50  |b LSP  |d 572 Vân  |e available  |t Error 5001 Not defined in file expand_doc_bib_avail.  |f 2  |g 1  |h N  |i 0  |k 1 
TYP |a Monograph 
TYP |a Printed language 
980 |a Mạng thư viện Đại học Đà Nẵng